Premier League Appearances by Nationality: Canada - Statistics

General Stats
  • This quiz has been taken 4 times
  • The average score is 1 of 10
Answer Stats
Appearances Player % Correct
161 Junior Hoilett
67%
21 Daniel Jebbison
33%
86 Scott Arfield
33%
107 Craig Forrest
0%
23 David Edgar
0%
54 Frank Yallop
0%
10 Jim Brennan
0%
55 Paul Stalteri
0%
35 Simeon Jackson
0%
194 Tomasz Radzinski
0%
No matching quizzes found
Score Distribution
Percent of People with Each Score
Percentile by Number Answered
Your Score History
You have not taken this quiz